| 000 | 00659nam a2200229Ia 4500 | ||
|---|---|---|---|
| 003 | OSt | ||
| 005 | 20230511145058.0 | ||
| 008 | 210423s2011 xx 000 0 und d | ||
| 020 | _a9789327212594 | ||
| 040 | _cAL | ||
| 041 | _aeng | ||
| 082 | _a338.83 AMAL | ||
| 100 |
_aAMALADAS (L Augustin);VALLABHANENI (Mounica) _990323 |
||
| 245 | _aMergers acquisitions and corporate restructuring | ||
| 260 |
_aLudhiana _bKalyani Publishers _c2011 |
||
| 300 |
_a13.6,23 _bPB |
||
| 365 |
_b175 _cINR |
||
| 650 |
_aEconomics _990324 |
||
| 650 |
_aMergers & Acquisitions _990325 |
||
| 906 | _aacquisitions ; corporate ; Mergers ; restructuring | ||
| 942 |
_2ddc _cBK |
||
| 999 |
_c160110 _d160110 |
||